Description du Trésor de Guarrazar (Record no. 157185)

MARC details
000 -LEADER
campo de control de longitud fija 00839nam a2200193 i 4500
001 - NÚMERO DE CONTROL
campo de control 157185
003 - IDENTIFICADOR DE NÚMERO DE CONTROL
campo de control ES-MaACL
005 - FECHA Y HORA DE LA ÚLTIMA TRANSACCIÓN
campo de control 20250207143840.0
008 - DATOS DE LONGITUD FIJA--INFORMACIÓN GENERAL
campo de control de longitud fija 990310s1860 fr af |||| | fre d
040 ## - FUENTE DE CATALOGACIÓN
Centro catalogador/agencia de origen CCPB | B
Lengua de catalogación spa
Centro/agencia transcriptor CCPB | B
100 1# - ENTRADA PRINCIPAL--NOMBRE DE PERSONA
Nombre de persona Lasteyrie, Ferdinand de.
9 (RLIN) 128728
245 10 - MENCIÓN DEL TÍTULO
Título Description du Trésor de Guarrazar
Resto del título : accompagnée de recherches sur toutes les questions archéologiques qui s'y rattachent /
Mención de responsabilidad, etc. par Ferdinand de Lasteyrie.
260 ## - PUBLICACIÓN, DISTRIBUCIÓN, ETC.
Lugar de publicación, distribución, etc. Paris :
Nombre del editor, distribuidor, etc. Gide, éditeur,
Fecha de publicación, distribución, etc. 1860 (
Fabricante Typographie de Firmin Didot freres, fils et Cie)
300 ## - DESCRIPCIÓN FÍSICA
Extensión 37 p., [5] h. de lám. :
Otras características físicas il. ;
Dimensiones 31 cm.
650 #4 - PUNTO DE ACCESO ADICIONAL DE MATERIA--TÉRMINO DE MATERIA
Término de materia o nombre geográfico como elemento de entrada Orfebrería visigoda-
Subdivisión cronológica Guarrazar.
9 (RLIN) 136634
852 ## - LOCALIZACIÓN
Ubicación ES-MaACL
Número de control de estantería T-1442-F-7
Nota libre -- Enc. hol., conservando la enc. original
-- -- Enc. en un vol. facticio
Ubicación en estantería Depósito folletos
942 ## - ELEMENTOS DE ENTRADA SECUNDARIOS (KOHA)
Fuente del sistema de clasificación o colocación Clasificación decimal universal
Holdings
Estatus retirado Estado de pérdida Fuente del sistema de clasificación o colocación Estado de daño No para préstamo Colección Biblioteca de origen Biblioteca actual Ubicación en estantería Fecha de adquisición Total de préstamos Signatura topográfica completa Código de barras Visto por última vez Precio de reemplazo Tipo de ítem Koha
    Clasificación decimal universal     Colección de folletos Biblioteca del Ateneo de Madrid Biblioteca del Ateneo de Madrid Depósito folletos 17/01/2008   T-1442-F-7 1164462 23/02/2023 23/02/2023 Folleto